Score 0/20 Timer 15:00
0 Plays Today
Which country... Armenia, Azerbaijan or Georgia? % Correct
...has a museum dedicated to Joseph Stalin in a grand building built around the house he was born in???
80.6%
...has the smallest capital in terms of population???
78.4%
...calls itself Hayastan???
69.8%
...uses the Manat as its currency???
66.4%
...has the highest ranked IRB Rugby Union team???
64.6%
...has the highest peak???
64.6%
...requires tourists from EU countries to apply for a visa in advance???
63.8%
...has won the Eurovision Song Contest???
61.9%
...would you be in if you were to raise your glass and declare 'Gaumarjos!'???
60.1%
...borders the most countries???
59%
Which country... Armenia, Azerbaijan or Georgia? % Correct
...has an Indo-European language as its official language???
56.7%
...would you be in if you were visiting the cave monastery of Vardzia???
53.7%
...has the lowest percentage of ethnic Russians???
53.4%
...has the most international airports???
51.9%
...has the largest second city in terms of population???
44%
...gave the world the poem 'The Knight in the Panther's Skin'???
43.3%
...has the motto 'Strength is in Unity'???
42.2%
...has won the most Olympic medals???
38.1%
...has the highest life expectancy???
30.2%
...was the last to decriminalize homosexuality???
26.5%

You're not logged in!

Compare scores with friends on all Sporcle quizzes.
OR
Log In

Sporcle TV

Today on Sporcle TV


Watch our educational content, quiz creation guides, and fun videos on Sporcle TV.

Show Comments

Extras

Top Quizzes Today


Score Distribution

Paid Content

Your Account Isn't Verified!

In order to create a playlist on Sporcle, you need to verify the email address you used during registration. Go to your Sporcle Settings to finish the process.

Report this User

Report this user for behavior that violates our Community Guidelines.

Details: